000
00262nam a2200121Ia 4500
100
_a
Kumbhojkar/ G.V
942
_c
BK
366
_f
15
245
_a
Engineering Mathematics III computers and IT
260
_b
P.Jamnadas
_c
2021
546
_a
ENGLISH
999
_c
29681
_d
29681